Science du publiciste, ou traité des principes élémentaires du droit considéré dans ses principales divisions
محفوظ في:
| المؤلف الرئيسي: | |
|---|---|
| التنسيق: | كتاب |
| اللغة: | الفرنسية |
| منشور في: |
París
Bossange Père
1823
|
| الموضوعات: | |
| الوسوم: |
إضافة وسم
لا توجد وسوم, كن أول من يضع وسما على هذه التسجيلة!
|
MARC
| LEADER | 00000nam a2200000 a 4500 | ||
|---|---|---|---|
| 001 | UCR4199 | ||
| 003 | CL-VaPUC | ||
| 008 | 980307e18230000FR |||||||||||||||||fre|d | ||
| 082 | 0 | 4 | |a 340.1 |b FRI |2 21 |
| 100 | 0 | |a Fritot, M. Alb |e author |9 403934 | |
| 245 | 1 | 0 | |a Science du publiciste, ou traité des principes élémentaires du droit considéré dans ses principales divisions |
| 300 | |a t | ||
| 942 | |c BK | ||
| 945 | |d 19980307 00:00:00 |a cmena | ||
| 260 | |a París |b Bossange Père |c 1823 | ||
| 500 | |a Donación del padre Enrique Pascal García Huidobro | ||
| 650 | 0 | |a Filosofía del derecho |9 255050 | |
| 650 | 0 | |a Teoría del derecho |9 255982 | |
| 650 | 0 | |a Poder judicial |9 254871 | |
| 650 | 0 | |a Juicios |9 327339 | |
| 650 | 0 | |a Derecho civil |9 255013 | |
| 583 | |a last modification |c 19980307 00:00:00 |k Rodrigo Vera | ||
| 999 | |c 267150 |d 267148 | ||
| 952 | |0 0 |1 0 |4 0 |6 340_100000000000000_FRI_1823 |7 0 |8 X |9 299348 |a BIBDER |b BIBDER |d 2019-11-20 |h t.11 |i 1958615 |o 340.1 FRI 1823 |p 1958615 |r 2023-01-25 |w 2019-11-20 |y BK_X |k DER | ||